000 00462nam a2200145Ia 4500
008 230917s9999||||xx |||||||||||||| ||und||
040 _e167544
_aMAIN
041 _aEnglish
082 _a891.43172109 SR19:SS
100 _aशर्मा, सुरेश
245 0 _aरधुवीर सहाय का कविकर्म
260 _aदिल्ली
_bपीपुल्ल लिटरेसी
_c1981
300 _a170 पृ. p.
942 _cHN
999 _c227825
_d227825